Ad: článok Operácia "Rössesprung"

Bibliographic Details
Main Author: Sabadoš, Michal, 1920-1999 (Author)
Format: Article
Language:Slovak
ISSN:0323-2018
Subjects:

MARC

LEADER 00000nab a2200000 a 4500
001 vtls000649282
003 SK-MaSNL
005 20260304223153.0
008 180405c1998 xo 0 slo
015 |a SNBRA1998/01-01889 
035 |a CLN000001477 
040 |a SNKBUCL  |b slo  |c SNKBUCL  |e AACR2 
041 0 |a slo 
044 |a xo  |c SK 
080 |a 940.53:949.71"1944":943.0"1944"  |2 1997 
080 |a 949.71"1944"  |2 1997 
080 |a 943.0"1944"  |2 1997 
100 1 |a Sabadoš, Michal,  |d 1920-1999  |4 aut  |9 103391 
245 1 0 |a Ad: článok Operácia "Rössesprung" 
500 |a Nadväzuje na článok Operácia "Rössesprung" / Karel Šimek : Bojovník - Roč. 42, č. 23 (1997), s. 3 
650 0 7 |a druhá svetová vojna (1939-1945)  |2 snkbucl  |9 169657 
650 0 7 |a operácia Rössesprung (1944)  |2 snkbucl  |9 1556948 
651 7 |a Juhoslávia  |x dejiny  |2 snkbucl  |9 16467 
655 7 |a články z novín a časopisov  |2 snkbucl  |2 snkbucl  |9 267496 
773 0 |t Bojovník  |g Roč. 43, č. 1 (1998), s. 6  |x 0323-2018 
850 |a Slovenská národná knižnica v Martine 
852 |a SNK  |b KIS3GCP 
958 |a DE 
992 |a RBX 
999 |c 3166721  |d 3168651